000 00613nam a22002177a 4500
008 150602b xxu||||| |||| 00| 0 eng d
020 _a9781133448174
020 _a1133448178
041 0 _aeng
080 _a33
100 1 _aKeller, Gerald,
245 _aStatistics :
_cGerald Keller.
246 3 _aStatistics for management and economics
250 _a9th edition.
300 _axxiii, 909 pages, [53] variously numbered pages :
_bme il.;
_c27 cm.
505 _aIndex: f.I1-I10
650 0 _aOrganizimi
650 0 _aStatistika
650 0 _aEkonomiks
942 _2udc
_cBK
999 _c963
_d963